<?xml version="1.0" encoding="UTF-8"?>
<record
    xmlns:xsi="http://www.w3.org/2001/XMLSchema-instance"
    xsi:schemaLocation="http://www.loc.gov/MARC21/slim http://www.loc.gov/standards/marcxml/schema/MARC21slim.xsd"
    xmlns="http://www.loc.gov/MARC21/slim">

  <leader>00758nam a22001817a 4500</leader>
  <controlfield tag="003">UA-OsUOA</controlfield>
  <controlfield tag="001"> 17951 </controlfield>
  <controlfield tag="007">ta</controlfield>
  <controlfield tag="008">20040406b un ||||| |||| 00| 0 ukr d</controlfield>
  <datafield tag="100" ind1=" " ind2=" ">
    <subfield code="a">&#x413;&#x43E;&#x440;&#x434;&#x438;&#x447; &#x412;.</subfield>
  </datafield>
  <datafield tag="942" ind1=" " ind2=" ">
    <subfield code="c">SA</subfield>
  </datafield>
  <datafield tag="040" ind1=" " ind2=" ">
    <subfield code="a">UA-OsUOA</subfield>
    <subfield code="c">UA-OsUOA</subfield>
    <subfield code="d">UA-OsUOA</subfield>
  </datafield>
  <datafield tag="245" ind1=" " ind2=" ">
    <subfield code="a">&#x414;&#x43E; &#x420;&#x456;&#x432;&#x43D;&#x43E;&#x433;&#x43E; &#x43F;&#x440;&#x438;&#x432;&#x435;&#x437;&#x43B;&#x438; "&#x441;&#x442;&#x456;&#x43B;&#x435;&#x446;&#x44C; &#x441;&#x43C;&#x435;&#x440;&#x442;&#x456;"</subfield>
    <subfield code="b">[&#x412; &#x420;&#x456;&#x432;&#x43D;&#x435;&#x43D;. &#x43E;&#x431;&#x43B;. &#x43A;&#x440;&#x430;&#x454;&#x437;&#x43D;. &#x43C;&#x443;&#x437;&#x435;&#x457; &#x444;&#x443;&#x43D;&#x43A;&#x446;&#x456;&#x43E;&#x43D;&#x443;&#x454; &#x432;&#x438;&#x441;&#x442;&#x430;&#x432;&#x43A;&#x430; &#x421;&#x430;&#x43D;&#x43A;&#x442;-&#x41F;&#x435;&#x442;&#x435;&#x440;&#x431;&#x443;&#x440;&#x437;&#x44C;&#x43A;&#x43E;&#x433;&#x43E; &#x43C;&#x443;&#x437;&#x435;&#x44E; &#x456;&#x441;&#x442;&#x43E;&#x440;&#x456;&#x457; &#x43B;&#x44E;&#x434;&#x441;&#x442;&#x432;&#x430; &#x43F;&#x456;&#x434; &#x43D;&#x430;&#x437;&#x432;&#x43E;&#x44E; "&#x406;&#x441;&#x442;&#x43E;&#x440;&#x456;&#x44F; &#x456;&#x43D;&#x43A;&#x432;&#x456;&#x437;&#x438;&#x446;&#x456;&#x457;"]</subfield>
  </datafield>
  <datafield tag="300" ind1=" " ind2=" ">
    <subfield code="a">&#x421;.18</subfield>
  </datafield>
  <datafield tag="955" ind1=" " ind2=" ">
    <subfield code="a">0</subfield>
  </datafield>
  <datafield tag="773" ind1="0" ind2=" ">
    <subfield code="w">0</subfield>
    <subfield code="t">&#x421;&#x456;&#x43C; &#x434;&#x43D;&#x456;&#x432;</subfield>
    <subfield code="d">&#x420;&#x456;&#x432;&#x43D;&#x435;</subfield>
    <subfield code="d">2004</subfield>
    <subfield code="g">&#x2116;13/26 &#x431;&#x435;&#x440;&#x435;&#x437;./</subfield>
  </datafield>
  <datafield tag="650" ind1=" " ind2="7">
    <subfield code="a">&#x41A;&#x440;&#x430;&#x454;&#x437;&#x43D;&#x430;&#x432;&#x447;&#x430; &#x440;&#x43E;&#x431;&#x43E;&#x442;&#x430;</subfield>
    <subfield code="2">UDC</subfield>
  </datafield>
  <datafield tag="999" ind1=" " ind2=" ">
    <subfield code="c">304121</subfield>
    <subfield code="d">304121</subfield>
  </datafield>
</record>
